000 00324nam a22001457a 4500
003 SGT
020 _a978-81-7084-188-0
082 _a615.53
_bA17R
100 _aRANADE, SUBHASH
245 _aAYURVEDIC PANCHAKARMA
260 _aDELHI
_bCHAUKHAMBA PUB
_c2017
300 _a199
650 _aAYURVEDA PUB
942 _2ddc
_cBK
_03
999 _c16552
_d16552